La inteligencia animal (Registro nro. 163912)

Detalles MARC
000 -LEADER
campo de control de longitud fija 01156nam a2200313 i 4500
001 - NÚMERO DE CONTROL
campo de control 163912
003 - IDENTIFICADOR DE NÚMERO DE CONTROL
campo de control ES-MaACL
005 - FECHA Y HORA DE LA ÚLTIMA TRANSACCIÓN
campo de control 20250728035712.0
008 - DATOS DE LONGITUD FIJA--INFORMACIÓN GENERAL
campo de control de longitud fija 931025s1886 sp |||| | spa d
040 ## - FUENTE DE CATALOGACIÓN
Centro catalogador/agencia de origen PAB
Lengua de catalogación spa
Centro/agencia transcriptor PAB
080 ## - NÚMERO DE LA CLASIFICACIÓN DECIMAL UNIVERSAL
Número de la Clasificación Decimal Universal 591.5
080 ## - NÚMERO DE LA CLASIFICACIÓN DECIMAL UNIVERSAL
Número de la Clasificación Decimal Universal 591.5
100 1# - ENTRADA PRINCIPAL--NOMBRE DE PERSONA
Nombre de persona Romanes, George John.
9 (RLIN) 132022
245 13 - MENCIÓN DEL TÍTULO
Título La inteligencia animal
Resto del título : parte primera, invertebrados /
Mención de responsabilidad, etc. obra escrita en ingles por George J. Romanes ; vertida directamente de la 3ª edición al español por Manuel Antón y Ferrandiz.
260 ## - PUBLICACIÓN, DISTRIBUCIÓN, ETC.
Lugar de publicación, distribución, etc. Madrid :
Nombre del editor, distribuidor, etc. Fortanet,
Fecha de publicación, distribución, etc. 1886 (
Fabricante Imprenta de Fortanet)
300 ## - DESCRIPCIÓN FÍSICA
Extensión 368 p. ;
Dimensiones 22 cm.
490 1# - MENCIÓN DE SERIE
Mención de serie Biblioteca científica internacional ;
Designación de volumen o secuencia 1
500 ## - NOTA GENERAL
Nota general No se publicó más.
650 04 - PUNTO DE ACCESO ADICIONAL DE MATERIA--TÉRMINO DE MATERIA
Término de materia o nombre geográfico como elemento de entrada Animales-
Subdivisión general Conducta.
9 (RLIN) 9833
650 #4 - PUNTO DE ACCESO ADICIONAL DE MATERIA--TÉRMINO DE MATERIA
Término de materia o nombre geográfico como elemento de entrada Animales-
Subdivisión general Inteligencia.
9 (RLIN) 147546
700 1# - ENTRADA AGREGADA--NOMBRE PERSONAL
Nombre de persona Antón y Ferrándiz, Manuel,
Fechas asociadas al nombre 1849-1929
9 (RLIN) 21958
830 00 - PUNTO DE ACCESO ADICIONAL DE SERIE-TÍTULO UNIFORME
Título uniforme Biblioteca científica internacional
Designación de volumen o secuencia 1
9 (RLIN) 234654
852 ## - LOCALIZACIÓN
Ubicación ES-MaACL
Número de control de estantería D-4875
Nota libre
Encuadernación Enc. ed. en tela
852 ## - LOCALIZACIÓN
Ubicación ES-MaACL
Número de control de estantería F-14387
942 ## - ELEMENTOS DE ENTRADA SECUNDARIOS (KOHA)
Fuente del sistema de clasificación o colocación Clasificación decimal universal
Tipo de ítem Koha Libro impreso
Suprimir en OPAC No
Existencias
Estatus retirado Estado de pérdida Estado de daño No para préstamo Colección Biblioteca de origen Biblioteca actual Ubicación en estantería Fecha de adquisición Fuente de adquisición Total de préstamos Signatura topográfica completa Código de barras Visto por última vez Precio de reemplazo Tipo de ítem Koha
        Libros del s. XIX Biblioteca del Ateneo de Madrid Biblioteca del Ateneo de Madrid Sala Pecera Planta 2 09/08/2011     F-14387 1187942 23/02/2023 23/02/2023 Libro impreso antiguo
        Libros del s. XIX Biblioteca del Ateneo de Madrid Biblioteca del Ateneo de Madrid Sala Valle Inclán 17/01/2008     D-4875 901171784 23/02/2023 23/02/2023 Libro impreso antiguo